Libros y bibliotecas : una cartilla para su ordenación / Jorge Rubió y Balaguer una cartilla para su ordenación / Jorge Rubió y Balaguer
Descripción Física:
36 p. , 18'5 cm
MARC
| LEADER | 00000nam a2200000Ia 4500 | ||
|---|---|---|---|
| 001 | 9630 | ||
| 008 | 160829s1952 xx 000 0 cat d | ||
| 080 | |a A-2-89 | ||
| 100 | 1 | |a Rubió i Balaguer, Jordi, |d 1887-1982 |9 23533 | |
| 245 | |a Libros y bibliotecas : |b una cartilla para su ordenación / Jorge Rubió y Balaguer | ||
| 260 | |a Barcelona : |b Gremio de Editores y Libreros, |c 1952 | ||
| 300 | |a 36 p. , 18'5 cm | ||
| 590 | |a Després del títol: Fiesta del libro 1952 | ||
| 650 | |a Biblioteconomia |9 37425 | ||
| 650 | |a Classificació |x Llibres |9 30389 | ||
| 650 | |a Catalogació I |9 37426 | ||
| 650 | |a Biblioteques |x Administració |9 30388 | ||
| 901 | |a Arxiu | ||
| 942 | |n 1 | ||
| 952 | |0 0 |1 0 |4 0 |6 A289 |7 1 |9 47860 |a Arxiu |b Arxiu |d 2016-12-01 |l 0 |o A-2-89 |p 9630 |r 2016-12-01 00:00:00 |w 2016-12-01 |y ARXIU | ||
| 999 | |c 51660 |d 51660 | ||